000 00359nam a2200145Ia 4500
008 240624s9999 xx 000 0 und d
041 _aeng
082 _a005.4 FIE
100 _aFIELD ANDY
245 _aDISCOVERING STATISTICS USING SPSS
250 _a(3rd ed.)
260 _c2009
_aLos Angeles
_bSage Publications
300 _a856 : p.
365 _cBPS
_b25
999 _c16547
_d16547